Missing Word: 1996 Movies Quiz Stats

 Plays Quiz Updated Sep 20, 2012

Support Sporcle.
Go Orange.
Score 0/20 Timer 04:00
1 Play Today
Hint Answer % Correct
Independence _____Day
99.5%
101 _____Dalmatians
96.3%
The _____ of Notre DameHunchback
95.8%
The _____ ProfessorNutty
93.7%
_____ and the Giant PeachJames
89.7%
_____ MaguireJerry
87.7%
_____ GilmoreHappy
87.4%
_____ Attacks!Mars
78.9%
The _____ PatientEnglish
77.7%
_____ JamSpace
74.4%
Hint Answer % Correct
The Mirror Has Two _____Faces
73.1%
The People vs. _____ FlyntLarry
67.9%
Star Trek: _____ ContactFirst
63.5%
Fly Away _____Home
56.4%
The _____ of Dr. MoreauIsland
52.5%
The _____ GuyCable
48.9%
The Glimmer _____Man
28.9%
The _____ of a LadyPortrait
26.3%
The _____ and the DarknessGhost
17%
When We Were _____Kings
10.9%

Today's Daily Dose

Missing Word
'80s Musicals

Word Ladder
Hereditary

Get the Picture
Food Names

From the Vault

Literature: Oldest to Newest

by william2

These books truly go through the ages.
Remove Ads.
Support Sporcle.
Get the best of Sporcle when you Go Orange. This ad-free experience offers more features, more stats, and more fun while also helping to support Sporcle. Thank you for becoming a member.

Show Comments

Extras

Top Quizzes Today


Score Distribution

Your Account Isn't Verified!

In order to create a playlist on Sporcle, you need to verify the email address you used during registration. Go to your Sporcle Settings to finish the process.

Report this User

Report this user for behavior that violates our Community Guidelines.

Details: